<?xml version="1.0" encoding="UTF-8"?>
<record
    xmlns:xsi="http://www.w3.org/2001/XMLSchema-instance"
    xsi:schemaLocation="http://www.loc.gov/MARC21/slim http://www.loc.gov/standards/marcxml/schema/MARC21slim.xsd"
    xmlns="http://www.loc.gov/MARC21/slim">

  <leader>01049nam a2200277 i 4500</leader>
  <controlfield tag="001">12006</controlfield>
  <controlfield tag="003">ES-MaACL</controlfield>
  <controlfield tag="005">20240125194421.0</controlfield>
  <controlfield tag="008">960724s1995    sp           ||||0| spa</controlfield>
  <datafield tag="020" ind1=" " ind2=" ">
    <subfield code="a">84-309-2663-1</subfield>
  </datafield>
  <datafield tag="080" ind1=" " ind2=" ">
    <subfield code="a">871 Lucrecio Caro, Tito 7 De rerum natura .06</subfield>
  </datafield>
  <datafield tag="080" ind1=" " ind2=" ">
    <subfield code="a">850 Alighieri, Dante 7 Divina Commedia .06</subfield>
  </datafield>
  <datafield tag="080" ind1=" " ind2=" ">
    <subfield code="a">830 Goethe, Johann Wolfgang 7 Faust .06</subfield>
  </datafield>
  <datafield tag="100" ind1="1" ind2=" ">
    <subfield code="a">Santayana, George.</subfield>
    <subfield code="9">103357</subfield>
  </datafield>
  <datafield tag="245" ind1="1" ind2="0">
    <subfield code="a">Tres poetas fil&#xF3;sofos </subfield>
    <subfield code="b">: Lucrecio, Dante, Goethe / </subfield>
    <subfield code="c">George Santayana ; traducci&#xF3;n del ingl&#xE9;s por Jos&#xE9; Ferrater Mora.</subfield>
  </datafield>
  <datafield tag="260" ind1=" " ind2=" ">
    <subfield code="a">Madrid : </subfield>
    <subfield code="b">Tecnos, </subfield>
    <subfield code="c">[1995]</subfield>
  </datafield>
  <datafield tag="300" ind1=" " ind2=" ">
    <subfield code="a">164 p ; </subfield>
    <subfield code="c">22 cm.</subfield>
  </datafield>
  <datafield tag="490" ind1="1" ind2=" ">
    <subfield code="a">Filosof&#xED;a y ensayo</subfield>
  </datafield>
  <datafield tag="600" ind1="1" ind2="4">
    <subfield code="a">Lucrecio Caro, Tito. </subfield>
    <subfield code="t">De rerum natura.</subfield>
    <subfield code="9">74606</subfield>
  </datafield>
  <datafield tag="600" ind1="0" ind2="4">
    <subfield code="a">Dante Alighieri,</subfield>
    <subfield code="d">1265-1321. </subfield>
    <subfield code="t">La divina commedia</subfield>
    <subfield code="9">175737</subfield>
  </datafield>
  <datafield tag="600" ind1="1" ind2="4">
    <subfield code="a">Goethe, Johann Wolfgang von, </subfield>
    <subfield code="d">1749-1832.</subfield>
    <subfield code="t">Faust</subfield>
    <subfield code="9">57573</subfield>
  </datafield>
  <datafield tag="700" ind1="1" ind2=" ">
    <subfield code="a">Ferrater Mora, Jos&#xE9;.</subfield>
    <subfield code="9">50338</subfield>
  </datafield>
  <datafield tag="830" ind1="1" ind2=" ">
    <subfield code="a">Filosof&#xED;a y ensayo</subfield>
    <subfield code="9">179242</subfield>
  </datafield>
  <datafield tag="852" ind1=" " ind2=" ">
    <subfield code="a">ES-MaACL</subfield>
    <subfield code="j">L-19303</subfield>
  </datafield>
  <datafield tag="999" ind1=" " ind2=" ">
    <subfield code="c">12006</subfield>
    <subfield code="d">12006</subfield>
  </datafield>
  <datafield tag="952" ind1=" " ind2=" ">
    <subfield code="0">0</subfield>
    <subfield code="1">0</subfield>
    <subfield code="4">0</subfield>
    <subfield code="7">0</subfield>
    <subfield code="a">ATENEOM</subfield>
    <subfield code="b">ATENEOM</subfield>
    <subfield code="c">DEPO2</subfield>
    <subfield code="d">2008-01-17</subfield>
    <subfield code="e">SC</subfield>
    <subfield code="l">0</subfield>
    <subfield code="o">L-19303</subfield>
    <subfield code="p">1012233</subfield>
    <subfield code="r">2023-02-23 00:00:00</subfield>
    <subfield code="w">2023-02-23</subfield>
    <subfield code="y">MONOGRAFIA</subfield>
  </datafield>
</record>
